A könyvvizsgálat során felmerülő kockázatok, a kockázatbecslés folyamatának bemutatása elméletben és egy szállítmányozó cég példáján keresztül

Bibliographic Details
Main Author: Fróman Alina
Other Authors: Korom Dr. Erik
Format: Thesis
Kulcsszavak:kockázat
Könyvvizsgálat
Elvárási rés
Online Access:http://dolgozattar.uni-bge.hu/9146

MARC

LEADER 00000nta a2200000 i 4500
001 dolg9146
005 20200324093845.0
008 161219suuuu hu om 000 hun d
040 |a BGE Dolgozattár Repozitórium  |b hun 
041 |a hu 
100 1 |a Fróman Alina 
245 1 2 |a A könyvvizsgálat során felmerülő kockázatok, a kockázatbecslés folyamatának bemutatása elméletben és egy szállítmányozó cég példáján keresztül  |c Fróman Alina  |h [elektronikus dokumentum] 
695 |a kockázat 
695 |a Könyvvizsgálat 
695 |a Elvárási rés 
700 1 |a Korom Dr. Erik  |e ths 
856 4 0 |u http://dolgozattar.uni-bge.hu/9146/1/Szakdolgozat.pdf  |z Dokumentum-elérés